000 00589nam a2200217Ia 4500
003 OSt
005 20220918192013.0
006 a|||||r|||| 00| 0
007 ta
008 220917b |||||||| |||| 00| 0 eng d
024 _a66,484
037 _cTextual
040 _aARTS
_cARTS
_beng
041 _2eng
_aeng
082 _aR3xD20:9, J2
100 _aPistorius Philippus Villiers
_978031
245 0 _aPlotinus and neoplatonism
_b an introductory study
260 _c1952
942 _hR3xD20:9, J2
_cTEXL
_2CC
999 _c192717
_d192717